000 00808nam a2200241 a 4500
001 67973
003 BD-RjUL
005 20211209081722.0
008 170329s1967 nyua b 000 0 eng d
035 _a(BD-RjUL)68182
040 _aDLC
_cDLC
_dICU
_dDLC
_dBD-RjUL
_beng
041 _aeng
082 0 0 _a621.38
_223
_bBEP 1967
100 1 _aBeckmann, Petr.
_9201474
245 1 0 _aProbability in communication engineering /
_cPetr Beckmann.
260 _aNew York :
_bHarcourt, Brace & World,
_c1967.
300 _ax, 511 p. :
_bill. ;
_c24 cm.
504 _aIncludes bibliographical footnotes and indexes
650 0 _aStatistical communication theory.
_9117874
830 _aHarbrace series in electrical engineering
_9201475
942 _2ddc
_cBK
999 _c67973
_d67973